Jarné zasadanie MMF sa nesie v optimistickejšom duchu

Bibliographic Details
Main Author: Tomek, Radoslav (Author)
Format: Article
Language:Slovak
PhysicalDescription:Graf
ISSN:0862-9567
Subjects:

MARC

LEADER 00000nab a2200000 a 4500
001 vtls000689606
003 SK-MaSNL
005 20260302181738.0
008 140228c1999 xo 0 slo
015 |a SNBRB1999/04-09902 
035 |a CLN000041773 
040 |a SNKBUCL  |b slo  |c SNKBUCL  |e AACR2 
041 0 |a slo 
044 |a xo  |c SK 
080 |a 339.732(100):061.3  |2 1997 
100 1 |a Tomek, Radoslav  |4 aut  |9 889639 
245 1 0 |a Jarné zasadanie MMF sa nesie v optimistickejšom duchu  |c Radoslav Tomek 
300 |b Graf 
610 7 |a Medzinárodný menový fond  |x zasadanie  |y apríl 1999  |2 snkbucl  |9 892824 
655 7 |a články z novín a časopisov  |2 snkbucl  |9 267496 
773 0 |t Hospodárske noviny  |g Roč. 7, č. 78 (26.4.1999)  |x 0862-9567 
773 0 |t [Príl.] Burzové noviny  |g Č. 78, s. VI  |x 0862-9567 
850 |a Slovenská národná knižnica v Martine 
852 |a SNK  |b KIS3GCP 
992 |a RBX 
999 |c 1415321  |d 1417251